1805 1838 1673 1183 1716 1485 1136 1872 1361 1429 1945 1075 1498 1815 1472 1955 1826 1717 1531 1969 1210 1483 1188 1999 1703 1606 1882 1562 1612 1781 1227 1360 1528 1551 1977 1305 1974 1534 1142 1710 1960 1492 1998 1221 1429 1694 1738 1709 1131 1324 1780 1294 1418 1915 1360 1405 1942 1161 1951 1549 1384 1035 1297 1387 1004 1535 1341 1538 1658 1320 1078 1337 1622 1959 1882 1952 1751 1386 1732 1476 1485 1521 1841 1586 1511 1516 1632 1609 1352 1826 1075 1499 1766 1874 1659 1233 1360 1970 1813 BCNSPRNW ULIB Ver.6.0+V

เปลี่ยนเป็นภาษาไทย

Change to English
 แสดงรายละเอียดบรรณานุกรม
  กลับหน้าหลัก

Brief Record : Get Marc (ISO 2709) : E-mail record : QR code < ปิดหน้าต่าง
LEADER : 00000nam 2200000uu 4500
001    13399120061
003     ULIB
008    120828s2550||||th 000 0 tha d
020    ^a9789748467795
090    ^aนว.^bซ510ด 2550
100 0  ^aเซอาร่า
245 00 ^aangerous Prince idol เสียศูนย์นัก รัก Idol ตัวร้าย 2/^cเซอาร่า
250    ^aพิมพ์ครั้งที่ 1
260    ^aกรุงเทพฯ :^bบงกชบุ๊คส์,^c2550
300    ^a266 หน้า
710 1  ^aบงกชบุ๊ค
945    ^p0^l0^i14455
995    ^aกัณชพร
999 ^a ใช้งานได้ทุกระบบ
รายการนี้ยังไม่มีแท็ก
คุณยังไม่ได้ล็อกอิน คุณสามารถมีกิจกรรมร่วมกับเว็บไซต์ได้ แต่ต้องล็อกอินก่อน ::
  ล็อกอิน

รายการสื่อสารสนเทศ

ลำดับที่ ประเภท เลขเรียก/บาร์โค้ด สถานที่ สถานะ
1. นวนิยาย
นวนิยาย
นว. ซ510ด 2550  
  Barcode: 14455
ห้องสมุดวิทยาเขตสวรรค์ประชารักษ์
►นวนิยาย
บนชั้น
  ขอยืม

BibComment


ยังไม่เคยถูกคอมเมนท์

คอมเมนท์ทรัพยากรรายการนี้
  คอมเมนท์: angerous Prince ..


 Copyright 2026. Bcnsprnw @Library